| 000 | 00582nam a2200205Ia 4500 | ||
|---|---|---|---|
| 001 | 63936 | ||
| 008 | 150109s9999 xx 000 0 und d | ||
| 020 | _a9781841698915 | ||
| 040 | _cPK-LaUMT | ||
| 082 |
_a 519.53 _bSCH-B |
||
| 100 | _aSchumacker, Randall E., J. Ed. | ||
| 245 | 2 |
_aA beginner's guide to structural equation modeling _cSchumacker, Randall E., J. Ed.|Lomax, Richard G |
|
| 250 | _a3rd | ||
| 260 |
_aNew York,USA: _bRoutledge, _c2010 |
||
| 300 | _a510 p. | ||
| 546 | _aEN | ||
| 650 | _aStructural equation medeling | ||
| 700 | _aLomax, Richard G | ||
| 942 | _cBK | ||
| 999 |
_c64590 _d64590 |
||